Conceptos de administración estratégica
Uloženo v:
| Hlavní autor: | |
|---|---|
| Další autoři: | |
| Médium: | Kniha |
| Vydáno: |
México: Prentice Hall Hispanoamericana
1997
|
| Témata: | |
| Tagy: |
Přidat tag
Žádné tagy, Buďte první, kdo vytvoří štítek k tomuto záznamu!
|
MARC
| LEADER | 00000nam a2200000Ia 4500 | ||
|---|---|---|---|
| 003 | 000483 | ||
| 005 | 20221231144016.0 | ||
| 008 | 140114s1997 mx a 000 ||s d | ||
| 022 | |a 9688807966 | ||
| 040 | |c cru CEDI | ||
| 082 | |a 658.401.2 D249c | ||
| 100 | |a David, Fred R. |9 18621 | ||
| 245 | |a Conceptos de administración estratégica | ||
| 260 | |a México: Prentice Hall Hispanoamericana |c 1997 | ||
| 300 | |a xxiii, 355, [25] páginas : ilustraciones | ||
| 500 | |a Traducción de: Concepts of strategic management. 5a. ed. | ||
| 650 | |x PLANIFICACION ESTRATEGICA |x PLANIFICACION EMPRESARIAL |9 18624 | ||
| 700 | |9 18622 |a Mascaró Sacristán, Pilar |c Traductora | ||
| 942 | |2 ddc |c BK | ||
| 999 | |c 15546 |d 15546 | ||
